| 000 | 01576nam2a22003131 4500 | ||
|---|---|---|---|
| 001 | v19\rc\1533832 | ||
| 005 | 20250618200928.0 | ||
| 035 | _a(NLR Aleph) 004689364 | ||
| 090 |
_a3913566 _c3913565 |
||
| 100 | _a20060620d18901890|||y0rusy50 ca | ||
| 101 | 0 | _arus | |
| 102 | _aRU | ||
| 105 | _ay z |||e| | ||
| 200 | 1 | _aПисьма к священнику (потом протоиерею) Петру Мегорскому | |
| 210 |
_d[1890] _aБ. м. |
||
| 215 | _a42 с. | ||
| 311 | _aИз "Христиан. чтения", № 5-6 за 1890 г. | ||
| 461 | 0 |
_1001v19\rc\1533828 _12001#$aПисьма преосвящ. Аркадия к разным лицам$v12 _1700#0$aАркадий$cФедоров, Григорий$cархиепископ Олонецкий и Петрозаводский$f1784-1870$3RU\NLR\AUTH\7799282$7ca _95448932 _aАркадий (Федоров, Григорий ; 1784-1870) _c[Санкт-Петербург] _d[1888-1890] _nтип. Ф. Елеонского и К° _tПисьма преосвящ. Аркадия к разным лицам _v12 |
|
| 488 | 0 |
_12001#$aХристианское чтение$v1890, № 5-6 _tХристианское чтение |
|
| 532 | 1 | 3 | _aПисьма к священнику потом протоиерею Петру Мегорскому |
| 702 | 1 |
_aМегорский _bП. _gПетр _4660 |
|
| 801 | 0 |
_aRU _bNLR _gpsbo |
|
| 801 | 0 |
_aRU _bRuMoRGB _2psbo |
|
| 801 | 1 |
_aRU _bProSoft-M _2rusmarc |
|
| 852 |
_aNLR _j18.182.6.313 |
||
| 899 |
_aRuMoRGB _jA 213/875 |
||
| 899 | _aБАН | ||
| 942 | _cBOOK | ||
| 980 | _aNB | ||